Open Data Biblioteca Nacional de Portugal


República Portuguesa: Ministério da Cultura
Biblioteca Nacional de Portugal

Catálogo da BNP: acesso por Identificadores Unívocos
Registos Bibliográficos associados ao registo de autoridade

Etiqueta de registo: 00000nam 2200025 450
001 2280418
003 http://id.bnportugal.gov.pt/bib/catbnp/2280418
010 ## $a978-85-217-0724-0
100 ## $a20260316d2025 m y0pory01030103ba
101 0# $apor
102 ## $aBR
105 ## $ay z 000yy
106 ## $ar
200 1# $a A caneta que escreve e a que prescreve$edoença e medicina na literatura portuguesa$forg. Clara Crabbé Rocha$gcolab. Teresa Jorge Ferreira$gpref. Emílio Rui Vilar
210 #9 $aCampinas$cPontes,$d2025
215 ## $a371 p.$d22 cm
225 2# $aAtlânticos
702 #1 $aRocha,$bClara Crabbé,$f1955-$4340$358078
702 #1 $aFerreira,$bTeresa Jorge,$f1980-$4205$31500083
702 #1 $aVilar,$bEmílio Rui,$f1939-$4080$31063426
801 #0 $aPT$bBN$gRPC
966 ## $lBN$mFGMON$pDGALB$x3
971 ## $cisantos$d20260508
972 ## $e0$z0$d20260508$vasantos

OpendataBNP@bnportugal.pt | Mais informação sobre acesso aos dados BNP